00330nam a2200121Ia 4500008004100000040001700041041001200058082001700070100002600087245004000113260004400153300001100197230917s9999||||xx |||||||||||||| ||und|| e217786aMAIN aEnglish a615.535 A15H aAgarwal, Suresh Kumar 0aHealth and healing by water therapy aJaipurbCo-operation Publicationsc2014 a151 p.